Els Canvis turístics : incidència en els municipis costaners de Barcelona / Joan Cals i Güell incidència en els municipis costaners de Barcelona / Joan Cals i Güell
ISBN:
84-7794-152-1
Descripción Física:
37 p. ; 30 cm
Materias:
Turisme -- Costa Daurada
MARC
| LEADER | 00000nam a2200000Ia 4500 | ||
|---|---|---|---|
| 001 | 9880 | ||
| 008 | 160829s1991 xx 000 0 cat d | ||
| 020 | |a 84-7794-152-1 | ||
| 080 | |a FU-25-18 | ||
| 100 | |a Cals i Güell, Joan |9 24090 | ||
| 245 | |a Els Canvis turístics : |b incidència en els municipis costaners de Barcelona / Joan Cals i Güell | ||
| 260 | |a Barcelona : |b Diputació de Barcelona, Gabinet d'Estudis de la Presidència, |c 1991 | ||
| 300 | |a 37 p. ; |c 30 cm | ||
| 590 | |a Bibliografia | ||
| 650 | |a Turisme |x Costa Daurada |9 24091 | ||
| 710 | 1 | |a Barcelona (Catalunya : Província). |b Gabinet d’Estudis de la Presidència |9 54949 | |
| 901 | |a Arxiu | ||
| 942 | |n 1 | ||
| 952 | |0 0 |1 0 |4 0 |6 FU2518 |7 1 |9 42974 |a Arxiu |b Arxiu |d 2016-12-01 |l 0 |o FU-25-18 |p 9880 |r 2016-12-01 00:00:00 |w 2016-12-01 |y ARXIU | ||
| 999 | |c 45517 |d 45517 | ||